000 00399nam a2200145Ia 4500
008 100204s9999 xx 000 0 und d
082 _b14667
100 _aकुलकर्णी पद्मा
245 _aकिथी
260 _b"अंजली प्रकाशन, पुणे"
_c1990
300 _a168
630 _aकिथी
730 _aकिथी
942 _cBOOK
999 _c459098
_d459095